J. Martín Rojas: (Record no. 190492)
[ view plain ]
| 000 -LEADER | |
|---|---|
| campo de control de longitud fija | 00877nam a2200205 i 4500 |
| 001 - NÚMERO DE CONTROL | |
| campo de control | 190492 |
| 003 - IDENTIFICADOR DE NÚMERO DE CONTROL | |
| campo de control | ES-MaACL |
| 005 - FECHA Y HORA DE LA ÚLTIMA TRANSACCIÓN | |
| campo de control | 20230906223746.0 |
| 008 - DATOS DE LONGITUD FIJA--INFORMACIÓN GENERAL | |
| campo de control de longitud fija | 210419s2006 sp a 000 0 spa d |
| 100 1# - ENTRADA PRINCIPAL--NOMBRE DE PERSONA | |
| Nombre de persona | Martín Rojas, J. |
| 9 (RLIN) | 171334 |
| 245 10 - MENCIÓN DEL TÍTULO | |
| Título | J. Martín Rojas: |
| Resto del título | [exposición] del 27 de marzo al 12 de abril de 2006, Sala de Exposiciones del Palacio de Congresos Joan Miró de Madrid / |
| Mención de responsabilidad, etc. | [textos, Joan Lluís Montané, Riccardo Saldarelli, Gabriella Bairo Puccetti ... (et al.)]. |
| 260 ## - PUBLICACIÓN, DISTRIBUCIÓN, ETC. | |
| Lugar de publicación, distribución, etc. | Madrid : |
| Nombre del editor, distribuidor, etc. | Palacio de Congresos de Madrid, |
| Fecha de publicación, distribución, etc. | [2006] |
| 300 ## - DESCRIPCIÓN FÍSICA | |
| Extensión | 38 p. : |
| Otras características físicas | principalmente il. col. ; |
| Dimensiones | 21 x 22 cm. |
| 600 14 - PUNTO DE ACCESO ADICIONAL DE MATERIA--NOMBRE DE PERSONA | |
| Nombre de persona | Martín Rojas, J- |
| Subdivisión de forma | Exposiciones. |
| 9 (RLIN) | 171335 |
| 655 #7 - TERMINO DE INDIZACIÓN--GENERO/FORMA | |
| Fuente del término | tgfbne |
| 9 (RLIN) | 193628 |
| Datos o término principal de género/forma | Catálogos de exposiciones |
| 710 2# - ENTRADA AGREGADA--NOMBRE DE ENTIDAD CORPORATIVA | |
| Nombre de entidad corporativa o nombre de jurisdicción como elemento de entrada | Palacio de Congresos de Madrid. |
| 9 (RLIN) | 171333 |
| 852 4# - LOCALIZACIÓN | |
| Ubicación | ES-MaACL |
| Número de control de estantería | 2342-F-2 |
| 942 ## - ELEMENTOS DE ENTRADA SECUNDARIOS (KOHA) | |
| Fuente del sistema de clasificación o colocación | Clasificación decimal universal |
| Estatus retirado | Estado de pérdida | Estado de daño | No para préstamo | Colección | Biblioteca de origen | Biblioteca actual | Ubicación en estantería | Fecha de adquisición | Fuente de adquisición | Total de préstamos | Signatura topográfica completa | Código de barras | Visto por última vez | Precio de reemplazo | Tipo de ítem Koha |
|---|---|---|---|---|---|---|---|---|---|---|---|---|---|---|---|
| Colección de folletos | Biblioteca del Ateneo de Madrid | Biblioteca del Ateneo de Madrid | Depósito folletos | 19/04/2021 | 2342-F-2 | 1202521 | 23/02/2023 | 23/02/2023 | Folleto |
